Jakie Były Gry Grand Theft Auto - Statystyki

Ogólne statystyki
  • Ten quiz został rozwiązany 467 razy
    337 od ostatniego zresetowania
  • Średni wynik to 5 z 16
Statystyki odpowiedzi
Hint Odpowiedź % Poprawnych
1. Grand Theft Auto
85%
14. Grand Theft Auto V
61%
3. Grand Theft Auto II
58%
4. Grand Theft Auto III
55%
10. Grand Theft Auto IV
55%
6. San Andreas
50%
5. Vice City
47%
8. Liberty City Stories
25%
9. Vice City Stories
21%
12. Chinatown Wars
18%
7. Advance
11%
2. London 1969
8%
13. Grand Theft Auto IV The Ballad Of Gay Tony
4%
11. Grand Theft Auto IV The Lost And Damned
3%
15. Grand Theft Online
1%
16. Theft Auto: The Trilogy – The Definitive Edition
0%
Nie znaleziono quizów pasujących do podanych kryteriów
Rozkład punktacji
Procent ludzi z każdym wynikiem
Percentyl według liczby udzielonych odpowiedzi
Twoja historia wyników
Nie rozwiązałeś tego quizu od ostatniego zresetowania